000 00540nam a2200193Ia 4500
005 20250326141725.0
008 250326s9999 xx 000 0 und d
020 _a0-02-907211-5
037 _aTextbook
040 _aFMSL
_beng
_cFMSL
041 _aeng
_2eng
084 _aX:51 N0
_qFMSL
100 _aDay G S
_9735242
245 0 _aMarket driven strategy : Processes for creating value
_cDay G S
260 _aNew York
_bNew York, Free Press
_c1990
300 _a414p
942 _cTB
_hX:51 N0
999 _c1291667
_d1291667